Volken, vorsten en profeten : De mensen van de bijbel-hun leven, hun geloof
Uloženo v:
| Hlavní autor: | |
|---|---|
| Médium: | Kniha |
| Jazyk: | nizozemština |
| Vydáno: |
Amsterdam
Uitgeversmaatschappij The Reader's Digest
1979
|
| Témata: | |
| Tagy: |
Přidat tag
Žádné tagy, Buďte první, kdo vytvoří štítek k tomuto záznamu!
|
MARC
| LEADER | 00000nam a22000005i 4500 | ||
|---|---|---|---|
| 003 | CL-ChBUA | ||
| 005 | 20171023173317.0 | ||
| 007 | ta | ||
| 008 | 160322s1979 ne ||||| |||| 000 ||dut | ||
| 020 | |a 90-6407-031-8 | ||
| 040 | |a CL-ChBUA |c CL-ChBUA |e rda | ||
| 082 | 0 | 0 | |a 220.93 |
| 100 | 1 | |a Wright, G. Ernest |e autor | |
| 245 | 1 | 0 | |a Volken, vorsten en profeten : |b De mensen van de bijbel-hun leven, hun geloof |c G. Ernest Wright |
| 260 | |a Amsterdam |b Uitgeversmaatschappij The Reader's Digest |c 1979 | ||
| 300 | |a 432 páginas |b ilustraciones |c 28 cm | ||
| 504 | |a índice | ||
| 630 | 4 | |a BIBLIA |x MARCO HISTORICO | |
| 650 | 4 | |a ARQUEOLOGIA BIBLICA | |
| 942 | |2 ddc |c LIB | ||
| 945 | |0 nac | ||
| 952 | |0 0 |1 0 |4 0 |6 220_930000000000000_W_947HO |7 0 |9 1150728 |a UNACH |b UNACH |c 200 |d 2016-03-22 |i 57.402 |l 0 |o 220.93 / W 947ho |p 88573 |r 2022-06-28 00:00:00 |t 1 |w 2016-03-22 |y LIB | ||
| 999 | |c 2197716 |d 2197716 | ||